Làm đúng việc = HBR guide to getting the right work done /
Tallennettuna:
| Muut tekijät: | |
|---|---|
| Aineistotyyppi: | Sách giấy |
| Kieli: | Vietnamese English |
| Julkaistu: |
H. :
Thế giới,
2016.
|
| Sarja: | HBR guide to
|
| Aiheet: | |
| Tagit: |
Lisää tagi
Ei tageja, Lisää ensimmäinen tagi!
|
| Thư viện lưu trữ: | Thư viện Trường Đại học Đà Lạt |
|---|
| LEADER | 01232nam a2200349 4500 | ||
|---|---|---|---|
| 001 | DLU170180957 | ||
| 005 | ##20170913 | ||
| 020 | # | # | |a 9786047727896 |
| 040 | # | # | |a DLU |b vie |
| 041 | # | # | |a vie |h eng |
| 044 | # | # | |a vn |
| 082 | # | # | |a 650.11 |b Lam |
| 245 | # | # | |a Làm đúng việc = |b HBR guide to getting the right work done / |c Đặng Thị Mỹ Kim dịch. |
| 260 | # | # | |a H. : |b Thế giới, |c 2016. |
| 300 | # | # | |a 223 tr. ; |c 21 cm. |
| 490 | # | # | |a HBR guide to |
| 505 | # | # | |a Phần một. Bắt đầu -- Phần hai. Xác lập ưu tiên trong công việc -- Phần ba. Tổ chức thời gian của bạn -- Phần bốn. Uỷ thác hiệu quả -- Phần năm. Xây dựng thói quen -- Phần sáu. Nạp năng lượng -- Phần bảy. Kiểm soát email của bạn -- Phần tám. Duy trì phương pháp của bạn -- Phần chín. Mở rộng. |
| 650 | # | # | |a Quản lý thời gian. |
| 650 | # | # | |a Ra quyết định. |
| 700 | # | # | |a Đặng Thị Mỹ Kim, |e dịch. |
| 923 | # | # | |a 05/2016 |
| 991 | # | # | |a SH |
| 992 | # | # | |a 79000 |
| 994 | # | # | |a DLU |
| 900 | # | # | |a True |
| 911 | # | # | |a Nguyễn Thanh Hương |
| 925 | # | # | |a G |
| 926 | # | # | |a A |
| 927 | # | # | |a SH |
| 980 | # | # | |a Thư viện Trường Đại học Đà Lạt |


